000 00248nam a2200097Ia 4500
001 648514
005 20250826153723.0
008 250824s9999 xx 000 0 und d
245 0 _aGÖĞÜ YERE İNDİRELİM
_cÖZGÜR BALPINAR
260 _bGENÇ TİMAŞ
999 _c648514
_d648514